000
00283nam a22001337a 4500
008
180129b xxu||||| |||| 00| 0 eng d
020
_a
2901609180064
041
_a
eng
080
_2
6th
_a
33
100
_a
58
101
_a
BIZ
245
_a
GlobalShift
_c
Dicken,P
942
_2
udc
_c
BK
999
_c
41180
_d
41180